000 00527nam a2200133Ia 4500
005 20260209120151.0
008 260209s9999||||xx |||||||||||||| ||und||
100 _aSiddharth Singh
245 0 _aProtecting the fourth pillar : press freedom, article 19 and India's sliding constitutional commitments
260 _aBangaloreBangalore
_bNLSIU, Bangalore
_c2023 - 2024
300 _a36 p. ; 25 cm.
700 _aMr. Balu G Nair - SupervisorMr. Balu G Nair - Supervisor
856 _uhttps://dans.nls.ac.in/handle/123456789/2204
999 _c217716
_d217716